LEADER 01012nam--2200385---450- 001 990002877070203316 005 20070307143532.0 010 $a2-07-076118-5 035 $a000287707 035 $aUSA01000287707 035 $a(ALEPH)000287707USA01 035 $a000287707 100 $a20070307d1990----km-y0itay50------ba 101 $afre 102 $aFR 105 $a||||||||001yy 200 1 $aCarus$fPascal Quignard 205 $aEd. rev. et corrigée par l'auteur 210 $a[Paris]$cGallimard$dstampa 1990 215 $a371 p.$d19 cm. 225 2 $aNrf 410 0$12001$aNrf 454 1$12001 461 1$1001-------$12001 676 $a843.9 700 1$aQUIGNARD,$bPascal$0443126 801 0$aIT$bsalbc$gISBD 912 $a990002877070203316 951 $aVI.4.A. 187$b190206 L.M.$cVI.4.A.$d00121116 959 $aBK 969 $aUMA 979 $aRIVELLI$b90$c20070307$lUSA01$h1433 979 $aRIVELLI$b90$c20070307$lUSA01$h1435 996 $aCarus$9990228 997 $aUNISA LEADER 01083nam0-2200373---450 001 990009563900403321 005 20181213110922.0 010 $a978-88-7959-341-0 035 $a000956390 035 $aFED01000956390 035 $a(Aleph)000956390FED01 035 $a000956390 100 $a20120427d2008----km-y0itay50------ba 101 0 $aita 102 $aIT 105 $aa-------001yy 200 1 $aFisiologia$edalle molecole ai sistemi integrati$fG. Aicardi ... [et al.]$ga cura di E. Carbone, F. Cicirata, G. Aicardi 210 $aNapoli$cEdiSES$dc2008 215 $aXIV, 826 p.$cill$d27 cm 610 0 $aFisiologia umana 676 $a612.22 702 1$aAicardi,$bGiorgio 702 1$aCarbone,$bEmilio$f<1948- > 702 1$aCicirata,$bFederico 801 0$aIT$bUNINA$gRICA$2UNIMARC 901 $aBK 912 $a990009563900403321 952 $a80 XV 123$b10857$fFFABC 952 $a80 XV 132$b10981$fFFABC 952 $a80 XV 138$b53/2015$fFFABC 952 $a80 XV 139$b52/2015$fFFABC 959 $aFFABC 996 $aPhysiology$955934 997 $aUNINA